000 00915nam a2200301 i 4500
003 EG-GICUC
005 20260221092947.0
008 260221s1963 it ||||fr|||| 00| 0 ita d
040 _aEG-GiCUC
_bita
_cEG-GiCUC
_dEG-GiCUC
_erda
082 0 4 _221
_a341.1
_bQU . D
092 0 4 _221
099 _aLaw1 11 341.1 QU . D 1963
100 1 _aQuadri, Rolando
_eAuthor.
245 1 0 _aDiritto Internazionale Pubblico /
_b
_cRolando Quadri.
250 _a4 Edizione
264 1 _aPriullaprint :
_bG. Priulla Editore Palermo,
_c1963.
300 _a640pages :
_billustrations,
_c24 cm
336 _2rda content
_atext
337 _2rda media
_aComputer
338 _2rda carrier
_aOnline Resource
504 _a
546 _a Text in Italian
650 1 4 _aPublic international law
_2
651 1 _2
856 4 0 _uhttps://fll.law.cu.edu.eg/fulltext/bks/B11-00134.pdf
905 _a50
942 _2ddc
_cBK
_e21
_n0
999 _c63940
_d63940